| 000 | 00834nam a22002057a 4500 | ||
|---|---|---|---|
| 005 | 20240530110558.0 | ||
| 008 | 160901s2014 ua ak f b 000 0 ara d | ||
| 017 |
_a14690/2013 _bمصر . دار الكتب المصرية |
||
| 020 | _a9789773191863 | ||
| 040 | _aEG-CaGPL | ||
| 082 | 0 | 4 |
_221 _a302.230432\ _bهـ ص |
| 100 | 0 | _aهشام عطية عبدالمقصود | |
| 245 | 1 | 0 |
_aصحف و صناديق : _bتوجية سلزك التصويت و تشكيل معارف الجمهور / _cهشام عطية عبدالمقصود |
| 250 | _aط. 1 | ||
| 260 |
_aالقاهرة : _bالعربى للنشر و التوزيع ، _c2014 . |
||
| 300 |
_a176 ص. : _bايض ؛ _c24 سم . |
||
| 504 | _aيشتمل على ارجاعات ببليوجرافية | ||
| 650 | 0 | 4 |
_aالانتجابات _xوسائل الاعلام |
| 942 |
_2ddc _cBK |
||
| 999 |
_c62614 _d62614 |
||